Fast Typing - US State Capitals - Statistics

General Stats
  • This quiz has been taken 1,612 times
    1,263 since last reset
  • The average score is 34 of 50
Answer Stats
Hint Answer % Correct
Colorado Denver
93%
Alaska Juneau
93%
Arizona Phoenix
93%
California Sacramento
93%
Hawaii Honolulu
92%
Arkansas Little Rock
92%
Alabama Montgomery
92%
Georgia Atlanta
91%
Idaho Boise
89%
Florida Tallahassee
89%
Indiana Indianapolis
88%
Delaware Dover
87%
Louisiana Baton Rouge
85%
Massachusetts Boston
85%
Connecticut Hartford
85%
Illinois Springfield
84%
Kansas Topeka
82%
Iowa Des Moines
81%
Maine Augusta
80%
Michigan Lansing
80%
Maryland Annapolis
78%
Mississippi Jackson
77%
Kentucky Frankfort
76%
Minnesota St Paul
75%
Montana Helena
74%
Nevada Carson City
73%
New York Albany
71%
Nebraska Lincoln
71%
New Mexico Santa Fe
70%
Missouri Jefferson City
69%
New Jersey Trenton
69%
North Carolina Raleigh
63%
Ohio Columbus
60%
New Hampshire Concord
59%
Oklahoma Oklahoma City
58%
North Dakota Bismarck
56%
Oregon Salem
56%
Pennsylvania Harrisburg
50%
Rhode Island Providence
48%
Texas Austin
42%
South Carolina Columbia
41%
South Dakota Pierre
40%
Tennessee Nashville
39%
Utah Salt Lake City
39%
Washington Olympia
32%
Vermont Montpelier
31%
Virginia Richmond
31%
West Virginia Charleston
28%
Wisconsin Madison
28%
Wyoming Cheyenne
26%
No matching quizzes found
Score Distribution
Percent of People with Each Score
Percentile by Number Answered
Your Score History
You have not taken this quiz since the last reset